General Knowledge quiz - Statistics

General Stats
  • This quiz has been taken 35 times
  • The average score is 7 of 15
Answer Stats
Question Answer % Correct
In what year did RMS Titanic sink? 1912
81%
Which country is home to the southern most capital city in the world? New Zealand
75%
What is the Pb the chemical element symbol for? Lead
69%
With standard tuning, what note do both the top and bottom strings of a typical guitar play? E
66%
In what year did the French Revolution begin? 1789
63%
Where in the body is the ACL ligament? Knee
59%
Which US President was nicknamed The Great Emancipator? Abraham Lincoln
56%
In French, what does the phrase 'Je ne sais pas' translate to? I don't know
47%
Which NBA team has won the most championships? Boston Celtics
31%
Who voiced Buzz Lightyear in the Toy Story movies? Tim Allen
31%
What European City is nicknamed The Pearl of The Adriatic? Dubrovnik
28%
What type of animal is a Percheron? Horse
25%
Who was the World's first official billionaire? John D. Rockefeller
25%
In what sport did Brian O'Driscoll excel at Rugby
22%
What is the longest possible word to be typed on the top row of a standard English QWERTY Keyboard? Typewriter
22%
No matching quizzes found
Score Distribution
Percent of People with Each Score
Percentile by Number Answered
Your Score History
You have not taken this quiz